MARC details
| 000 -LEADER |
| fixed length control field |
02959cam a22004095i 4500 |
| 001 - CONTROL NUMBER |
| control field |
16102007 |
| 003 - CONTROL NUMBER IDENTIFIER |
| control field |
EG-ScBUE |
| 005 - DATE AND TIME OF LATEST TRANSACTION |
| control field |
20200805154510.0 |
| 006 - FIXED-LENGTH DATA ELEMENTS--ADDITIONAL MATERIAL CHARACTERISTICS--GENERAL INFORMATION |
| fixed length control field |
m||||fq||z 000 0 |
| 008 - FIXED-LENGTH DATA ELEMENTS--GENERAL INFORMATION |
| fixed length control field |
100223s2015 maua f b 001 0 eng d |
| 020 ## - INTERNATIONAL STANDARD BOOK NUMBER |
| International Standard Book Number |
9780240811765 (pbk. : alk. paper) |
| 020 ## - INTERNATIONAL STANDARD BOOK NUMBER |
| International Standard Book Number |
0240811763 (pbk. : alk. paper) |
| 020 ## - INTERNATIONAL STANDARD BOOK NUMBER |
| International Standard Book Number |
9780240811772 (DVD) |
| 035 ## - SYSTEM CONTROL NUMBER |
| System control number |
(OCoLC)ocn528665857 |
| 040 ## - CATALOGING SOURCE |
| Original cataloging agency |
DLC |
| Language of cataloging |
eng |
| Description conventions |
rda |
| Transcribing agency |
DLC |
| Modifying agency |
YDX |
| -- |
YDXCP |
| -- |
KSU |
| -- |
DLC |
| -- |
EG-ScBUE |
| 082 04 - DEWEY DECIMAL CLASSIFICATION NUMBER |
| Classification number |
778.53 |
| Item number |
JAC |
| Edition number |
22 |
| 100 1# - MAIN ENTRY--PERSONAL NAME |
| Personal name |
Jacobson, Mitch, |
| Relator term |
author. |
| 245 10 - TITLE STATEMENT |
| Title |
Mastering multicamera techniques : |
| Remainder of title |
from preproduction to editing and deliverables / |
| Statement of responsibility, etc |
Mitch Jacobson. |
| 264 #1 - PUBLICATION, DISTRIBUTION, ETC. (IMPRINT) |
| Place of publication, distribution, etc |
Burlington, MA. : |
| Name of publisher, distributor, etc |
Focal Press / Taylor & Francis Group, |
| Date of publication, distribution, etc |
2015. |
| 300 ## - PHYSICAL DESCRIPTION |
| Extent |
xxi, 449 pages : |
| Other physical details |
illustrations (chiefly col.) ; |
| Dimensions |
25 cm + |
| Accompanying material |
1 DVD-ROM (4 3/4 in.) |
| 336 ## - CONTENT TYPE |
| Content type term |
text |
| Content type code |
txt |
| Source |
rdacontent |
| 336 ## - CONTENT TYPE |
| Content type term |
spoken word |
| Content type code |
spw |
| Source |
rdacontent |
| 336 ## - CONTENT TYPE |
| Content type term |
three-dimensional moving image |
| Content type code |
tdm |
| Source |
rdacontent |
| 337 ## - MEDIA TYPE |
| Media type term |
unmediated |
| Media type code |
n |
| Source |
rdamedia |
| 337 ## - MEDIA TYPE |
| Media type term |
computer |
| Media type code |
c |
| Source |
rdamedia |
| 338 ## - CARRIER TYPE |
| Carrier type term |
volume |
| Carrier type code |
nc |
| Source |
rdacarrier |
| 338 ## - CARRIER TYPE |
| Carrier type term |
computer disc |
| Carrier type code |
cd |
| Source |
rdacarrier |
| 504 ## - BIBLIOGRAPHY, ETC. NOTE |
| Bibliography, etc |
Includes bibliographical references and index. |
| 520 ## - SUMMARY, ETC. |
| Summary, etc |
From a basic two-camera interview to an elaborate 26 camera HD concert film, this comprehensive guide presents a platform-agnostic approach to the essential techniques required to set up and edit a multi-camera project. Actual case studies are used to examine specific usages of multi-camera editing and include a variety of genres including concerts, talk shows, reality programming, sit-coms, documentaries for television, event videography, and feature films. Other features include: * Advanced multi-camera techniques and specialty work-flows are examined for tapeless & large scale productions with examples from network TV shows, corporate media projects, event videography, and feature films. * New techniques for 3D projects, 2k/4k media management, and color correction are revealed. * Technical breakdowns analyze system requirements for monitoring, hard drives & RAIDs, RAM, codecs, and computer platforms. * Apple Final Cut Pro, Avid Media Composer, Adobe Premiere Pro, and several other software programs are detailed. * Tables, charts, screen-grabs, photos, web-links, blogs, tech school lists, and other resource tools for further study. * Unique interviews with the 'Masters of Multi-Cam' including EMMY and academy award-winning directors and editors who share their project notes and give insight to award-winning techniques. |
| 650 #7 - SUBJECT ADDED ENTRY--TOPICAL TERM |
| Topical term or geographic name as entry element |
Cinematography |
| Form subdivision |
Technique. |
| Source of heading or term |
BUEsh |
| 650 #7 - SUBJECT ADDED ENTRY--TOPICAL TERM |
| Topical term or geographic name as entry element |
Video recordings |
| General subdivision |
Production and direction |
| Source of heading or term |
BUEsh |
| 650 #7 - SUBJECT ADDED ENTRY--TOPICAL TERM |
| Topical term or geographic name as entry element |
Motion pictures |
| General subdivision |
Editing. |
| Source of heading or term |
BUEsh |
| 653 ## - INDEX TERM--UNCONTROLLED |
| Resource For college |
Communication and mass media |
| Arrived date list |
July2020 |
| 655 ## - INDEX TERM--GENRE/FORM |
| Form subdivision |
Reading book |
| 9 (RLIN) |
34232 |
| 942 ## - ADDED ENTRY ELEMENTS (KOHA) |
| Source of classification or shelving scheme |
Dewey Decimal Classification |
| Koha item type |
Book - Borrowing |